| 000 | 00984nam a22002537a 4500 | ||
|---|---|---|---|
| 999 |
_c4350 _d4350 |
||
| 003 | AR-CdUCM | ||
| 008 | 190308b ||||| |||| 00| 0 spa d | ||
| 040 |
_aMUNICIPALIDAD PROVINCIAL DEL CUSCO _cBIBLIOTECA MUNICIPAL DEL CUSCO |
||
| 041 | _heng | ||
| 082 |
_a796.08 / _bAT86 |
||
| 110 |
_aThe athletic institute _913741 |
||
| 245 | _aMejore su natación / | ||
| 260 |
_aMéxico, D. F : _bCentro Regional de Ayuda Técnica, Agencia para el Desarrollo Internacional, |
||
| 300 |
_a55 paginas ; _bFotografías, _c21 cm. |
||
| 500 | _aDonación de la familia Nieto | ||
| 505 | _aAcostúmbrese al agua -- Zambullida de cabeza -- Aprendiendo a nadar -- La brazada elemental -- Brazada de dorso elemental -- Brazada de costado -- Acción de la pierna ... | ||
| 650 |
_aNatación _913742 |
||
| 650 |
_aDeporte _912343 |
||
| 650 |
_aEducación física _913743 |
||
| 700 |
_aRobertson, David H. _913744 |
||
| 700 |
_aRussell, Charles W. _913745 |
||
| 942 |
_2ddc _cLIBROS |
||
| 945 | _aacv | ||